000 01382cam a22003617a 4500
003 CHAP
005 20220329140613.0
008 971013s1953 r 00010 d
010 _a54642
011 _a55614
035 _a59766
040 _cCHAP
082 _a581.13354
_bT78
100 0 0 _aTruog, Emil
_eed.
_9115429
245 0 _aMineral nutrition of plants
260 _aMaddison :
_bWisconsin University,
_c1953
300 _a469 p.
_b: ilus.
590 _aBATCH-UPD
_b10
_c20130110
_lUCH01
_h0538
590 _aBATCH-UPD
_b10
_c20130410
_lUCH01
_h0219
590 _aBATCH-UPD
_b10
_c20130914
_lUCH01
_h1918
590 _aCONVERSION
_b10
_c20130109
_lUCH01
_h1329
650 1 4 _aPlantas
_xNutrición.
_988874
650 1 4 _aSuelos.
_9110191
901 _aBK
942 _cLIBRO
949 _a581.13354 T78
_bBC
_cLIBRO
_d33724000546412
_eLIBRO
_h9301
_i59766
_si
949 _a581.13354 T78
_bBC
_cLIBRO
_d33724000546438
_eLIBRO
_fc.2
_h9302
_i59766
_si
949 _a581.13354 T78
_bBC
_cLIBRO
_d33724000546446
_eLIBRO
_fc.3
_h9303
_i59766
_si
949 _a581.13354 T78
_bBC
_cLIBRO
_d33724000546453
_eLIBRO
_fc.4
_h9304
_i59766
_si
949 _a581.13354 T78
_bBC
_cLIBRO
_d33724000546461
_eLIBRO
_fc.5
_h9305
_i59766
_si
949 _a581.13354 T78
_bBC
_cLIBRO
_d33724000546479
_eLIBRO
_fc.6
_h9306
_i59766
_si
949 _a581.13354 T78
_bBC
_cLIBRO
_d33724000546487
_eLIBRO
_fc.7
_h51486
_i59766
_mD. Ing. Acosta
_si
999 _c54642
_d54642